| 000 | 00000nem##2200000za#4500 |
| 001 | 9.547231 |
| 003 | CaOODSP |
| 005 | 20200401002659 |
| 007 | aj |a||| |
| 008 | 150406|2009||||xxc|||| a##f | fre|d |
| 020 | |a978-0-660-64093-8 |
| 022 | |a1915-884X |
| 040 | |aCaOODSP|bfre |
| 041 | |aeng |
| 041 | |afre |
| 043 | |an-cn--- |
| 086 | 1 |aM116-2/115G01 |
| 110 | 1 |aCanada.|bRessources naturelles Canada. |bCentre d'information topographique. |
| 245 | 10|aCultus Creek, Yukon |h[document cartographique] |
| 250 | |aÉd. 03, version 00 |
| 255 | |aÉchelle 1:50,000 |
| 260 | |aOttawa - Ontario : |bRessources naturelles Canada. |c2009. |
| 300 | |a1 feuille. : |bcarte en couleur ; |c71 cm. |
| 490 | 1 |aCartes topographiques du Canada |x1915-884X|v115-G/1 |
| 500 | |aSérie A722. Comprend une légende. |
| 590 | |a10-21|b2010-05-28 |
| 776 | 0#|tCultus Creek, Yukon |w(CaOODSP)9.583399 |
| 791 | |tCultus Creek, Yukon |eeng|w(CaOODSP)9.547230 |
| 830 | #0|aCartes topographiques du Canada,|x1915-884X|v115-G/1|w(CaOODSP)9.511451 |